000 00614cam a22002051 4500
001 af 50000253
003 DLC
005 20260227110920.0
008 811204s1946 gw a 000 0 ger
010 _aaf 50000253
035 _a(OCoLC)13600267
040 _aDLC
_cPU
_dDLC
042 _apremarc
050 0 0 _aPN1997
_b.H49
100 1 _aRubner, Josef Michael.
245 0 4 _aDer Himmel der Michele de Montgolfier;
_bein Filmstoff und seine Geschichte.
260 _aMünchen,
_bDrei Fichten Verlag
_c[1946]
300 _a81 p.
_billus.
_c26 cm.
630 4 0 _aDer Himmel der Michele de Montgolfier (Motion picture)
999 _c6998
_d6998